Environmental awareness among societies and sustainable development (Record no. 7879)

000 -LEADER
fixed length control field 00392nam a22001457a 4500
003 - CONTROL NUMBER IDENTIFIER
control field OSt
005 - DATE AND TIME OF LATEST TRANSACTION
control field 20200528113308.0
008 - FIXED-LENGTH DATA ELEMENTS--GENERAL INFORMATION
fixed length control field 200528b ||||| |||| 00| 0 eng d
020 ## - INTERNATIONAL STANDARD BOOK NUMBER
International Standard Book Number 9789383784318
082 ## - DEWEY DECIMAL CLASSIFICATION NUMBER
Classification number 338.927
Item number GAR
100 ## - MAIN ENTRY--PERSONAL NAME
Personal name Garg, Parveen
245 ## - TITLE STATEMENT
Title Environmental awareness among societies and sustainable development
260 ## - PUBLICATION, DISTRIBUTION, ETC. (IMPRINT)
Place of publication, distribution, etc Delhi
Name of publisher, distributor, etc Neeraj Publishing House
942 ## - ADDED ENTRY ELEMENTS (KOHA)
Source of classification or shelving scheme
Holdings
Withdrawn status Lost status Source of classification or shelving scheme Damaged status Koha normalized classification for sorting Not for loan Permanent location Current location Date acquired Full call number Barcode Date last seen Price effective from Koha item type
        338_927000000000000_GAR   BMS College of Architecture, Design and Planning BMS College of Architecture, Design and Planning 2020-05-28 338.927 GAR AR-PG198 2020-05-28 2020-05-28 PG Books
Copyright © 2025, The Librarian, Library and Information Centre, BMSCA D&P, Bengaluru. All Rights Reserved
web counter

Powered by Koha